Counseling in schools / (Record no. 1190)

000 -LEADER
fixed length control field 01473nam a22002657a 4500
003 - CONTROL NUMBER IDENTIFIER
control field OSt
005 - DATE AND TIME OF LATEST TRANSACTION
control field 20140116120848.0
008 - FIXED-LENGTH DATA ELEMENTS--GENERAL INFORMATION
fixed length control field 130801b xxu||||| |||| 00| 0 eng d
020 ## - INTERNATIONAL STANDARD BOOK NUMBER
International Standard Book Number 9781412931441
020 ## - INTERNATIONAL STANDARD BOOK NUMBER
International Standard Book Number 9780761972754
050 ## - LIBRARY OF CONGRESS CALL NUMBER
Classification number LB1027.5.B67 2002
100 ## - MAIN ENTRY--PERSONAL NAME
Personal name Bor, Robert.
245 ## - TITLE STATEMENT
Title Counseling in schools /
Statement of responsibility, etc Robert Bor, Jo Ebner-Landy, Sheila Gill and Chris Brace.
260 ## - PUBLICATION, DISTRIBUTION, ETC. (IMPRINT)
Place of publication, distribution, etc London:
Name of publisher, distributor, etc SAGE Publications Ltd.,
Date of publication, distribution, etc 2002.
300 ## - PHYSICAL DESCRIPTION
Extent 189p.
504 ## - BIBLIOGRAPHY, ETC. NOTE
Bibliography, etc Includes bibliographical references and index.
505 ## - FORMATTED CONTENTS NOTE
Formatted contents note 1. Introduction<br/>2. Setting the scene: an overview of working as a counsellor with young children <br/>3. Theory of solution-focused counselling in the school setting <br/>4. Aims and structure of the counselling session<br/>5. Overview of essential counselling skills <br/>6. Brief and positive counselling interventions with pupils <br/>7. Legal and confidentiality issues in counselling children <br/>8. Schools and trauma: preparation, response and recovery <br/>9. Setting up and maintaining a school counselling service <br/>10. Evaluating counselling in a school setting <br/>
650 ## - SUBJECT ADDED ENTRY--TOPICAL TERM
Topical term or geographic name as entry element Counseling in secondary education --
Geographic subdivision Great Britain.
650 ## - SUBJECT ADDED ENTRY--TOPICAL TERM
Topical term or geographic name as entry element Educational counseling --
Geographic subdivision Great Britain.
700 ## - ADDED ENTRY--PERSONAL NAME
Personal name Ebner-Landy, Jo
700 ## - ADDED ENTRY--PERSONAL NAME
Personal name Gill, Sheila
700 ## - ADDED ENTRY--PERSONAL NAME
Personal name Brace, Chris
856 ## - ELECTRONIC LOCATION AND ACCESS
Uniform Resource Identifier <a href="http://site.ebrary.com/lib/riara/docDetail.action?docID=10076734&p00=guidance%20counselling">http://site.ebrary.com/lib/riara/docDetail.action?docID=10076734&p00=guidance%20counselling</a>
Link text Click here to view e-book.
942 ## - ADDED ENTRY ELEMENTS (KOHA)
Source of classification or shelving scheme
Koha item type Electronic Book
Holdings
Withdrawn status Lost status Source of classification or shelving scheme Damaged status Not for loan Home library Current library Date acquired Total Checkouts Full call number Date last seen Price effective from Koha item type
          Riara University Library Riara University Library 01/08/2013   LB1027.5.B67 2002 01/08/2013 01/08/2013 Electronic Book

Riara University Library,
P.O. Box 49940-00100,
Nairobi, Kenya.